Coldest Countries By Continent - Statistics

General Stats
  • This quiz has been taken 1,104 times
    997 since last reset
  • The average score is 5 of 6
Answer Stats
Lowest Temperature Continent Country % Correct
−68 °C (−90 °F) Europe Russia
98%
−63 °C (−81 °F) North America Canada
97%
−39 °C (−38 °F) South America Argentina
87%
−25.6 °C (−14.1 °F) Australia/Oceania New Zealand
87%
−24.1 °C (−11.4 °F) Asia Mongolia
81%
−24 °C (−11 °F) Africa Morocco
42%
No matching quizzes found
Score Distribution
Percent of People with Each Score
Percentile by Number Answered
Your Score History
You have not taken this quiz since the last reset